| 000 | 00377nam a22001217a 4500 | ||
|---|---|---|---|
| 999 |
_c4587 _d4587 |
||
| 008 | 250304b ||||| |||| 00| 0 eng d | ||
| 020 | _a9781405292665 | ||
| 082 | _aFIC BLY | ||
| 100 |
_aBLYTON,GUID _eAUTHOR |
||
| 245 |
_aA WISHING-CHAIR ADVENTURE _bTHE ROYAL BIRTHDAY PARTY |
||
| 260 |
_aTHE YELLOW BUILDING, 1 NICHOLAS ROAD,LONDON W11 4AN _bEGMONT UK LIMITED _c2019 |
||
| 942 | _2ddc | ||